000 00249nam a2200109Ia 4500
008 190914s9999||||xx |||||||||||||| ||und||
100 _aS. Chand
245 0 _aProfessional Education
260 _aCanada
_bPearson
_c2005
300 _a776
942 _cBK
999 _c9755
_d9755